Venta de servicios ambientales (Registro nro. 1194)

Detalles MARC
000 -CABECERA
Campo de control 00802nam a2200253 a 4500
005 - FECHA Y HORA DE LA ULTIMA TRANSACCION
Campo de control 20200514155155.0
008 - ELEMENTOS DE LONGITUD FIJA—INFORMACION GENERAL
Campo de control 140226b1998 ck ||||| |||| 00| 0 eng d
040 ## - FUENTE DE CATALOGACIÓN
Agencia catalogadora original CO-BoIAVH
Agencia transcriptora CO-BoIAVH
041 ## - IDIOMA
Código de idioma para texto/pista de sonido o título separado Español
044 ## - PAÍS DE PUBLICACIÓN
País de publicación Colombia
090 ## - CLASIFICACIÓN LOCAL
Colección LB
Consecutivo 01184
100 ## - ASIENTO PRINCIPAL--NOMBRE PERSONAL
Nombre personal Orrego, Sergio Alonso
245 ## - MENCION DE TITULO
Título Venta de servicios ambientales
Parte restante del título posibilidades y limitaciones para el departamento del Chocó
260 ## - PUBLICACION, DISTRIBUCION, ETC. (PIE DE IMPRENTA)
Lugar de publicación, distribución, etc. Medellín
Nombre del editor, distribuidor, etc. IIAP
-- Fundación Espavé
Fecha de publicación, distribución, etc. 1998
300 ## - DESCRIPCION FISICA
Extensión 26 p.
650 ## - ASIENTO SECUNDARIO DE MATERIA - TERMINO TEMATICO
Término temático o nombre geográfico como elemento de entrada Servicios ambientales
650 ## - ASIENTO SECUNDARIO DE MATERIA - TERMINO TEMATICO
Término temático o nombre geográfico como elemento de entrada Mercados internacionales
650 ## - ASIENTO SECUNDARIO DE MATERIA - TERMINO TEMATICO
Término temático o nombre geográfico como elemento de entrada Cambio climático
650 ## - ASIENTO SECUNDARIO DE MATERIA - TERMINO TEMATICO
Término temático o nombre geográfico como elemento de entrada Bosques tropicales
662 ## - ASIENTO SECUNDARIO DE MATERIA - JERARQUIA DEL NOMBRE DE LUGAR(
País o entidad mayor Colombia
Jurisdicción política de primer orden Chocó
700 ## - ASIENTO SECUNDARIO - NOMBRE PERSONAL
Nombre personal Jaramillo, Luisa Fernanda
700 ## - ASIENTO SECUNDARIO - NOMBRE PERSONAL
Nombre personal Loaiza, Lina María
942 ## - ELEMENTOS ADICIONALES (KOHA)
Tipo de ítem Artículo
Sistema de clasificación Local
Existencias
Withdrawn status Lost status Sistema de Clasificación Damaged status No para préstamo Colección Ubicación Permanente Ubicación actual Fecha de adquisición Fuente de Valor Datos de publicación Seriada Total Checkouts Número topográfico Inventario / Código de Barras Date last seen Ejemplar Price effective from Tipo de material
    Local   No para Préstamo General Villa de Leyva Villa de Leyva 24/04/1999 Samper, Cristián Fuera de circulación   LB-01184 001624 04/12/2012 Ej. 1 04/12/2012 Artículo